| 000 | 00635nam a2200205 4500 | ||
|---|---|---|---|
| 003 | OSt | ||
| 005 | 20240624060943.0 | ||
| 006 | a | ||
| 008 | 240624b |||||||| |||| 00| 0 eng d | ||
| 020 | _a9789810696658 | ||
| 040 |
_aDWCL-Main lib. _cOC |
||
| 082 | _aFil. 005.74 G216d 2011 | ||
| 100 | _aGarcia-Molina, Hector | ||
| 245 | _aDatabase systems : the complete book / | ||
| 260 |
_aSingapore : _bPearson Education South Asia Pte Ltd. , _cc2011. |
||
| 300 |
_axxxvi, _b1203 p. : ill. ; _c24 cm. |
||
| 504 | _aIncludes bibliographical references & index. | ||
| 650 | _a1. Database Management. | ||
| 942 |
_2ddc _n0 _cBK - FIL _kFil. |
||
| 999 |
_c1225 _d1225 |
||